000
00283nam a2200109Ia 4500
008
220204s9999 xx 000 0 und d
082
_a
5+6
_b
HAR
100
_a
Hardy, J T
245
0
_a
Science technology and the environment
260
_a
Philadelphia
_b
W B Saunders
_c
1975
942
_c
BK
999
_c
23991
_d
23991